000 00322 a2200145 4500
001 174667
020 _a
040 _cMagnum
100 _aDavidson, Alice Joyce
240 1 0 _aA historia da ovelha desgarrada
_lpor
245 1 0 _aA historia da ovelha desgarrada
362 0 _a1899
697 _aIJ/POESIA
942 _cBK
999 _c174667
_d174667